[Event "Morshyn GP 3rd"]
[Site "Morshyn"]
[Date "2023.12.02"]
[Round "5"]
[White "Biletskyy, Dmytro"]
[Black "Nedilko, Vasily"]
[Result "0-1"]
[WhiteElo "1926"]
[BlackElo "2324"]
[PlyCount "88"]
[EventDate "2023.12.02"]
[EventType "swiss (rapid)"]
[EventRounds "9"]
[EventCountry "UKR"]
[SourceTitle "CB49_2023"]
[SourceDate "2023.12.06"]
[SourceVersion "1"]
[SourceVersionDate "2023.12.06"]
[SourceQuality "1"]

1. e4 c5 2. Nf3 d6 3. c3 Nf6 4. h3 g6 5. Bd3 Bg7 6. 0-0 0-0 7. Bc2 Nc6 8. d4 cxd4 9. cxd4 e5 10. d5 Nd4 11. Nxd4 exd4 12. Nd2 Re8 13. Re1 Bd7 14. Nb3 Qb6 15. Bf4 Rac8 16. Rc1 a5 17. Rb1 Nxd5 18. exd5 Rxe1+ 19. Qxe1 Rxc2 20. Qe7 d3 21. Be3 Qc7 22. Rd1 Bb5 23. Qxc7 Rxc7 24. Nd4 Ba6 25. b3 Rc5 26. Nf3 Rxd5 27. Rc1 h6 28. Rc8+ Kh7 29. Rc7 Rf5 30. Nd2 g5 31. Rd7 Be5 32. g4 Rf6 33. Ne4 Rg6 34. Rxf7+ Rg7 35. Rf8 Rd7 36. h4 Kg7 37. Rc8 gxh4 38. f4 Bb2 39. f5 Re7 40. Bxh6+ Kxh6 41. g5+ Kh5 42. f6 Rxe4 43. f7 Bg7 44. Rh8+ Kg6 0-1

[Event "Gothenburg Manhem-B"]
[Site "Gothenburg"]
[Date "2018.08.17"]
[Round "9"]
[White "Mikalsen, Erlend"]
[Black "Nedilko, Vasily"]
[Result "1/2-1/2"]
[WhiteElo "2289"]
[BlackElo "2369"]
[PlyCount "63"]
[EventDate "2018.08.11"]
[EventType "tourn"]
[EventRounds "9"]
[EventCountry "SWE"]
[EventCategory "4"]
[SourceTitle "CBM 186 Extra"]
[Source "ChessBase"]
[SourceDate "2018.08.24"]
[SourceVersion "1"]
[SourceVersionDate "2018.08.24"]
[SourceQuality "1"]

1. e4 c5 2. Nf3 d6 3. d4 cxd4 4. Nxd4 Nf6 5. Nc3 a6 6. Bc4 e6 7. Bb3 Nbd7 8. f4 Nc5 9. f5 b5 10. Qf3 e5 11. Nc6 Qd7 12. Nb4 Bb7 13. Nbd5 Ncxe4 14. Nxe4 Nxd5 15. Bg5 Nb6 16. 0-0-0 Nc4 17. Rhe1 Qc7 18. f6 g6 19. Qd3 0-0-0 20. a4 d5 21. axb5 axb5 22. Nc3 Bb4 23. Nxb5 Qa5 24. c3 Qxb5 25. cxb4 Qxb4 26. Bxc4 Qxc4+ 27. Qxc4+ dxc4 28. Rxe5 Rxd1+ 29. Kxd1 Rd8+ 30. Kc2 Bxg2 31. Rc5+ Kd7 32. Rxc4 1/2-1/2

[Event "Gothenburg Manhem-B"]
[Site "Gothenburg"]
[Date "2018.08.13"]
[Round "4"]
[White "Nedilko, Vasily"]
[Black "Rydstrom, Tom"]
[Result "1/2-1/2"]
[WhiteElo "2369"]
[BlackElo "2316"]
[PlyCount "146"]
[EventDate "2018.08.11"]
[EventType "tourn"]
[EventRounds "9"]
[EventCountry "SWE"]
[EventCategory "4"]
[SourceTitle "CBM 186 Extra"]
[Source "ChessBase"]
[SourceDate "2018.08.24"]
[SourceVersion "1"]
[SourceVersionDate "2018.08.24"]
[SourceQuality "1"]

1. d4 g6 2. c4 Bg7 3. Nc3 d6 4. Nf3 Bg4 5. g3 Bxf3 6. exf3 c6 7. d5 c5 8. Bh3 Nd7 9. 0-0 Ngf6 10. Re1 0-0 11. f4 a6 12. a4 b6 13. f5 Ra7 14. fxg6 hxg6 15. Bf4 Rb7 16. Qe2 Re8 17. Rad1 Nf8 18. Qd2 N6d7 19. Ne4 b5 20. cxb5 axb5 21. a5 b4 22. Qe2 Nf6 23. a6 Ra7 24. Nxf6+ Bxf6 25. Bf1 Qb6 26. h4 Rc7 27. Be3 Ra8 28. Ra1 Qb8 29. Rec1 Qc8 30. Ra5 Qf5 31. b3 Rca7 32. g4 Qc8 33. g5 Bg7 34. h5 Qf5 35. h6 Bc3 36. Qc4 Nd7 37. Qf4 Qxf4 38. Bxf4 f6 39. gxf6 Nxf6 40. Bc4 Kh7 41. Kg2 Rf8 42. Be3 Ng4 43. Rh1 Nxe3+ 44. fxe3 Bd2 45. Rh3 Rf5 46. Ra2 Bc3 47. Rf2 Rg5+ 48. Kf1 Bf6 49. Rg2 Re5 50. Rhg3 g5 51. Rf3 Kxh6 52. Rh2+ Kg7 53. Rfh3 Re4 54. Bd3 Rh4 55. Rxh4 gxh4 56. Rg2+ Kf8 57. Rf2 Ke8 58. Kg2 Kd8 59. Kh3 Kc7 60. Rg2 Ra8 61. Bc4 Kb6 62. Rg6 Rh8 63. Rg4 Ka7 64. Rg6 Kb6 65. Rg4 Ra8 66. Rg6 Rh8 67. Rg4 Ka7 68. Rg6 Kb6 69. Rg4 Rf8 70. Rg6 Ka7 71. Rg4 Kb6 72. Rg6 Rh8 73. Rg4 Ka7 1/2-1/2

[Event "Gothenburg Manhem-B"]
[Site "Gothenburg"]
[Date "2018.08.12"]
[Round "2"]
[White "Nedilko, Vasily"]
[Black "Hobber, Anders"]
[Result "1/2-1/2"]
[WhiteElo "2369"]
[BlackElo "2314"]
[PlyCount "117"]
[EventDate "2018.08.11"]
[EventType "tourn"]
[EventRounds "9"]
[EventCountry "SWE"]
[EventCategory "4"]
[SourceTitle "CBM 186 Extra"]
[Source "ChessBase"]
[SourceDate "2018.08.24"]
[SourceVersion "1"]
[SourceVersionDate "2018.08.24"]
[SourceQuality "1"]

1. d4 d5 2. c4 c6 3. Nf3 Nf6 4. Nc3 Qb6 5. Qc2 Bg4 6. c5 Qc7 7. Ne5 Be6 8. Bf4 Qc8 9. h3 g6 10. e3 Bf5 11. Bd3 Bxd3 12. Qxd3 Bg7 13. 0-0 0-0 14. b4 Nbd7 15. Nf3 Re8 16. Bh2 b6 17. Rfc1 a5 18. cxb6 axb4 19. Nb5 Qa6 20. Rxc6 Rec8 21. Qc2 Rxc6 22. Qxc6 Rc8 23. Bc7 Qxb6 24. Qxb6 Nxb6 25. Bxb6 Rb8 26. Bc5 Rxb5 27. Rb1 Bf8 28. Rxb4 Ra5 29. Rb2 Ne4 30. Bb4 Ra4 31. Ne5 e6 32. Bxf8 Kxf8 33. Rb8+ Kg7 34. Rb7 Rxa2 35. Rxf7+ Kg8 36. g4 Ng5 37. Rf6 Kg7 38. h4 Nh3+ 39. Kg2 Kxf6 40. Kxh3 Rxf2 41. Kg3 Re2 42. Kf3 Re1 43. Nd7+ Ke7 44. Ne5 Rf1+ 45. Kg3 Kf6 46. Nd7+ Kg7 47. g5 Kf7 48. Ne5+ Ke7 49. Ng4 Kd6 50. Kg2 Rf5 51. Nh6 Rf8 52. Ng4 Ke7 53. Kg3 Rf5 54. Nh6 Rf1 55. Ng4 Rf5 56. Nh6 Rf1 57. Ng4 Rf8 58. Ne5 Rf1 59. Ng4 1/2-1/2

[Event "Gothenburg Manhem-B"]
[Site "Gothenburg"]
[Date "2018.08.11"]
[Round "1"]
[White "Nedilko, Vasily"]
[Black "Vypkhaniuk, Igor"]
[Result "0-1"]
[WhiteElo "2369"]
[BlackElo "2357"]
[PlyCount "98"]
[EventDate "2018.08.11"]
[EventType "tourn"]
[EventRounds "9"]
[EventCountry "SWE"]
[EventCategory "4"]
[SourceTitle "CBM 186 Extra"]
[Source "ChessBase"]
[SourceDate "2018.08.24"]
[SourceVersion "1"]
[SourceVersionDate "2018.08.24"]
[SourceQuality "1"]

1. d4 Nf6 2. c4 g6 3. Nf3 Bg7 4. g3 0-0 5. Bg2 Nc6 6. 0-0 d6 7. Nc3 e5 8. d5 Nb8 9. e4 a5 10. Bd2 Na6 11. Qc2 Nc5 12. Rab1 Bd7 13. b3 b6 14. Ne1 Nh5 15. Nd3 f5 16. Nxc5 bxc5 17. Nb5 Nf6 18. f3 h5 19. Bg5 Qb8 20. a4 Nh7 21. Qd2 f4 22. gxf4 Nxg5 23. fxg5 Rf4 24. Nc3 h4 25. Ne2 h3 26. Nxf4 exf4 27. Qxf4 Bd4+ 28. Kh1 Qb4 29. Rfd1 Rf8 30. Qd2 Qxd2 31. Rxd2 hxg2+ 32. Kxg2 Be3 33. Rd3 Bxg5 34. Rh1 Kg7 35. Kg3 Bf4+ 36. Kg2 Rh8 37. h3 Kh6 38. Rdd1 Kg5 39. Kf2 Rb8 40. Rd3 Kh4 41. Kg2 Bg3 42. Rc3 Re8 43. Rcc1 Bf4 44. Rcg1 Bg3 45. Rd1 Rh8 46. Rdg1 Rb8 47. Rb1 g5 48. Rb2 Bxa4 49. Ra2 Bd7 0-1

[Event "Mukachevo Summer op"]
[Site "Mukachevo"]
[Date "2018.07.07"]
[Round "8"]
[White "Nedilko, Vasily"]
[Black "Rytenko, Vsevolod"]
[Result "0-1"]
[WhiteElo "2383"]
[BlackElo "2271"]
[PlyCount "49"]
[EventDate "2018.07.03"]
[EventType "swiss"]
[EventRounds "9"]
[EventCountry "UKR"]
[SourceTitle "CBM 185 Extra"]
[Source "ChessBase"]
[SourceDate "2018.07.29"]
[SourceVersion "1"]
[SourceVersionDate "2018.07.29"]
[SourceQuality "1"]

1. d4 g6 2. c4 Bg7 3. Nc3 c5 4. d5 Bxc3+ 5. bxc3 f5 6. h4 Nf6 7. h5 Rg8 8. hxg6 hxg6 9. d6 e5 10. Bg5 Nc6 11. Rc1 Kf7 12. e4 Rh8 13. Nh3 Qf8 14. Bxf6 Kxf6 15. exf5 gxf5 16. g4 Rh4 17. gxf5 Qh6 18. Bg2 e4 19. Rc2 b6 20. Re2 Bb7 21. Rxe4 Rxe4+ 22. Bxe4 Re8 23. f3 Ne5 24. Nf2 Qf4 25. Kf1 0-1

[Event "Mukachevo Summer op"]
[Site "Mukachevo"]
[Date "2017.07.06"]
[Round "4"]
[White "Kutsanyan, Andranik"]
[Black "Nedilko, Vasily"]
[Result "1-0"]
[WhiteElo "2169"]
[BlackElo "2397"]
[PlyCount "29"]
[EventDate "2017.07.04"]
[EventType "swiss"]
[EventRounds "9"]
[EventCountry "UKR"]
[SourceTitle "CBM 179 Extra"]
[Source "ChessBase"]
[SourceDate "2017.08.23"]
[SourceVersion "1"]
[SourceVersionDate "2017.08.23"]
[SourceQuality "1"]

1. e4 c5 2. b4 cxb4 3. a3 d5 4. exd5 Qxd5 5. Nf3 e5 6. axb4 Bxb4 7. c3 Be7 8. Na3 Nc6 9. Nb5 Qd8 10. d4 exd4 11. Bf4 Kf8 12. Nc7 Rb8 13. Nxd4 Bd7 14. Bc4 Rc8 15. Qh5 1-0

[Event "Lutsk Nebesna Sotnya Memorial rap"]
[Site "Lutsk"]
[Date "2015.02.22"]
[Round "11"]
[White "Kazakov, Mikhail"]
[Black "Nedilko, Vasily"]
[Result "1-0"]
[WhiteElo "2468"]
[BlackElo "2398"]
[PlyCount "31"]
[EventDate "2015.02.21"]
[EventType "swiss (rapid)"]
[EventRounds "11"]
[EventCountry "UKR"]
[SourceTitle "CBM 164 Extra"]
[Source "ChessBase"]
[SourceDate "2015.03.02"]
[SourceVersion "1"]
[SourceVersionDate "2015.03.02"]
[SourceQuality "1"]

1. e4 c5 2. Nf3 d6 3. d4 cxd4 4. Nxd4 Nf6 5. Nc3 a6 6. Be2 e5 7. Nb3 Be7 8. 0-0 0-0 9. Kh1 Nc6 10. f4 b5 11. a4 b4 12. Nd5 Bb7 13. Bf3 Re8 14. Be3 Rb8 15. Bb6 Qd7 16. Nc5 1-0

[Event "Lutsk Nebesna Sotnya Memorial"]
[Site "Lutsk"]
[Date "2014.07.26"]
[Round "6"]
[White "Chubar, Vladimir"]
[Black "Nedilko, Vasily"]
[Result "1/2-1/2"]
[WhiteElo "2072"]
[BlackElo "2398"]
[PlyCount "33"]
[EventDate "2014.07.26"]
[EventType "swiss"]
[EventRounds "11"]
[EventCountry "UKR"]
[SourceTitle "CBM 161 Extra"]
[Source "ChessBase"]
[SourceDate "2014.08.29"]
[SourceVersion "1"]
[SourceVersionDate "2014.08.29"]
[SourceQuality "1"]

1. d4 Nf6 2. Nf3 g6 3. Bg5 Bg7 4. Nbd2 0-0 5. c3 d6 6. e4 c5 7. dxc5 dxc5 8. Be2 Nc6 9. 0-0 h6 10. Be3 b6 11. h3 Bb7 12. Qc2 Qc7 13. a4 Nh5 14. Rfe1 Rac8 15. Bf1 Qb8 16. Nc4 Rfd8 17. e5 1/2-1/2

[Event "Lutsk Nebesna Sotnya Memorial"]
[Site "Lutsk"]
[Date "2014.07.26"]
[Round "3"]
[White "Nedilko, Vasily"]
[Black "Gerasimenyk, Mihail"]
[Result "1/2-1/2"]
[WhiteElo "2398"]
[BlackElo "2176"]
[PlyCount "165"]
[EventDate "2014.07.26"]
[EventType "swiss"]
[EventRounds "11"]
[EventCountry "UKR"]
[SourceTitle "CBM 161 Extra"]
[Source "ChessBase"]
[SourceDate "2014.08.29"]
[SourceVersion "1"]
[SourceVersionDate "2014.08.29"]
[SourceQuality "1"]

1. d4 Nf6 2. c4 d6 3. Nf3 g6 4. g3 Bg7 5. Bg2 0-0 6. Nc3 Nc6 7. 0-0 e5 8. d5 Ne7 9. e4 Ne8 10. Ne1 f5 11. Nd3 Nf6 12. Bg5 h6 13. Bd2 fxe4 14. Nxe4 Bf5 15. Qe2 Qd7 16. Nxf6+ Rxf6 17. f4 exf4 18. Nxf4 Bg4 19. Bf3 Bxf3 20. Rxf3 Nf5 21. Bc3 Re8 22. Qf2 Rf7 23. Bxg7 Kxg7 24. Ne6+ Rxe6 25. dxe6 Qxe6 26. b3 Re7 27. Rf1 h5 28. Qd2 Qe5 29. Qg5 Qd4+ 30. Kh1 Qe4 31. Kg1 Qd4+ 32. Kh1 Qe4 33. Qf4 Qc6 34. Kg1 Qc5+ 35. Kg2 Qc6 36. Kg1 Qc5+ 37. Kh1 Qc6 38. h3 Re4 39. Qg5 Re5 40. Kg1 Qc5+ 41. R3f2 Re3 42. Kg2 Rxg3+ 43. Qxg3 Nxg3 44. Kxg3 Qe5+ 45. Kg2 Qe4+ 46. Kh2 Kh6 47. Rg2 c6 48. Rff2 d5 49. cxd5 cxd5 50. Re2 Qf4+ 51. Kg1 d4 52. Rd2 a5 53. Rdf2 Qe3 54. Kh2 b5 55. Rd2 a4 56. bxa4 bxa4 57. Rdf2 a3 58. Rd2 Qf4+ 59. Kg1 Qe3+ 60. Kh2 d3 61. Rdf2 Qe5+ 62. Kg1 g5 63. Kh1 Qe3 64. Kh2 Kg6 65. Rf1 d2 66. Rd1 Qe5+ 67. Kh1 Qe1+ 68. Rg1 Qe3 69. Kh2 Qe5+ 70. Kh1 Qd5+ 71. Rg2 Qxa2 72. Rdxd2 Qb1+ 73. Kh2 Qb8+ 74. Kg1 Qb6+ 75. Kh2 Kh6 76. Rc2 Qd6+ 77. Kh1 g4 78. hxg4 hxg4 79. Rcd2 Qf4 80. Rdf2 Qc1+ 81. Kh2 Qc7+ 82. Rg3 Kg5 83. Ra2 1/2-1/2

[Event "EU-ch 14th"]
[Site "Legnica"]
[Date "2013.05.11"]
[Round "7"]
[White "Kuljasevic, Davorin"]
[Black "Nedilko, Vasily"]
[Result "1-0"]
[WhiteElo "2578"]
[BlackElo "2396"]
[PlyCount "115"]
[EventDate "2013.05.05"]
[EventType "swiss"]
[EventRounds "11"]
[EventCountry "POL"]
[SourceTitle "CBM 155"]
[Source "ChessBase"]
[SourceDate "2013.07.16"]
[SourceVersion "1"]
[SourceVersionDate "2013.07.16"]
[SourceQuality "1"]

1. Nf3 Nf6 2. c4 c5 3. Nc3 d5 4. cxd5 Nxd5 5. g3 g6 6. d3 Bg7 7. Bd2 Nc6 8. Bg2 0-0 9. 0-0 b6 10. Qa4 Bb7 11. Qh4 e6 12. Bg5 f6 13. Bh6 Nde7 14. Bxg7 Kxg7 15. Rfd1 Qd7 16. e3 Rad8 17. a3 Nd5 18. Rac1 Nxc3 19. Rxc3 Ne7 20. b4 cxb4 21. axb4 Rc8 22. Ra3 Bxf3 23. Bxf3 Rc7 24. Rda1 Rd8 25. b5 Qxb5 26. Rxa7 Rxa7 27. Rxa7 Rd7 28. Rxd7 Qxd7 29. Qb4 Qc7 30. d4 Kf7 31. Qa4 Qb8 32. Qd7 Qc8 33. Qb5 Qd8 34. Qa6 Qb8 35. Qb5 Qd6 36. Qa4 Qc7 37. Kg2 Qb8 38. Qd7 Qc8 39. Qb5 Qd8 40. h4 h6 41. Qa4 Nf5 42. Qa7+ Ne7 43. g4 Kf8 44. Kf1 Kf7 45. Qb7 Qd6 46. Kg2 Qd8 47. Kg1 Qd6 48. Kg2 Qd8 49. Qa6 Qb8 50. Qb5 Qd6 51. h5 g5 52. Be4 Qc7 53. Qb3 Qb8 54. Bg6+ Nxg6 55. hxg6+ Kxg6 56. Qxe6 b5 57. d5 Qa8 58. e4 1-0

[Event "EU-ch 14th"]
[Site "Legnica"]
[Date "2013.05.10"]
[Round "6"]
[White "Nedilko, Vasily"]
[Black "Pavlidou, Ekaterini"]
[Result "1-0"]
[WhiteElo "2396"]
[BlackElo "2209"]
[PlyCount "47"]
[EventDate "2013.05.05"]
[EventType "swiss"]
[EventRounds "11"]
[EventCountry "POL"]
[SourceTitle "CBM 155"]
[Source "ChessBase"]
[SourceDate "2013.07.16"]
[SourceVersion "1"]
[SourceVersionDate "2013.07.16"]
[SourceQuality "1"]

1. d4 Nf6 2. c4 e6 3. Nc3 Bb4 4. Nf3 0-0 5. Bg5 d5 6. e3 Nbd7 7. cxd5 exd5 8. Bd3 h6 9. Bh4 c6 10. 0-0 Re8 11. Qc2 Be7 12. Bg3 a6 13. Rfd1 b5 14. e4 b4 15. Nxd5 Nxd5 16. exd5 Nf6 17. dxc6 Be6 18. d5 Nxd5 19. Bc4 Qa5 20. Bxd5 Bxd5 21. Qf5 Bc5 22. Rxd5 Rad8 23. Re5 Qxa2 24. Rae1 1-0

[Event "EU-ch rapid"]
[Site "Warsaw"]
[Date "2012.12.16"]
[Round "9"]
[White "Nedilko, Vasily"]
[Black "Banusz, Tamas"]
[Result "0-1"]
[WhiteElo "2396"]
[BlackElo "2580"]
[PlyCount "49"]
[EventDate "2012.12.15"]
[EventType "swiss (rapid)"]
[EventRounds "11"]
[EventCountry "POL"]
[SourceTitle "EXT 2014"]
[Source "ChessBase"]
[SourceDate "2013.11.20"]
[SourceVersion "1"]
[SourceVersionDate "2013.11.20"]
[SourceQuality "1"]

1. d4 d5 2. c4 c6 3. Nf3 Nf6 4. Nc3 dxc4 5. a4 Bf5 6. Nh4 e6 7. Nxf5 exf5 8. e3 Bb4 9. Bxc4 0-0 10. 0-0 Nbd7 11. Qc2 g6 12. f3 Qb6 13. Qf2 c5 14. Bd2 Rac8 15. Ba2 f4 16. Rad1 Rfe8 17. exf4 cxd4 18. Nd5 Nxd5 19. Bxd5 Rc2 20. Rfe1 Rd8 21. Qh4 Rxd2 22. Bxf7+ Kg7 23. Rxd2 Bxd2 24. Re7 Kh8 25. Re1 0-1

[Event "EU-ch 13th"]
[Site "Plovdiv"]
[Date "2012.03.27"]
[Round "7"]
[White "Stefanova, Antoaneta"]
[Black "Nedilko, Vasily"]
[Result "0-1"]
[WhiteElo "2531"]
[BlackElo "2392"]
[PlyCount "92"]
[EventDate "2012.03.20"]
[EventType "swiss"]
[EventRounds "11"]
[EventCountry "BUL"]
[SourceTitle "CBM 148"]
[Source "ChessBase"]
[SourceDate "2012.05.16"]
[SourceVersion "1"]
[SourceVersionDate "2012.05.16"]
[SourceQuality "1"]

1. d4 Nf6 2. Nf3 g6 3. g3 Bg7 4. Bg2 d5 5. 0-0 0-0 6. Be3 c6 7. Qc1 Bf5 8. h3 Nbd7 9. g4 Be4 10. Nbd2 Bxf3 11. exf3 e5 12. dxe5 Nxe5 13. Re1 Re8 14. Bf4 Nfd7 15. Bg3 Nb6 16. f4 Nec4 17. Rxe8+ Qxe8 18. Rb1 Qe7 19. Bf1 Re8 20. c3 Nd6 21. Qc2 f5 22. Bd3 Qd7 23. g5 Ne4 24. Nxe4 fxe4 25. Bf1 Nc8 26. h4 Nd6 27. h5 Nf5 28. Bh3 Qf7 29. hxg6 hxg6 30. Re1 Bf8 31. Bg4 Bd6 32. c4 Bb4 33. Rd1 dxc4 34. Be2 b5 35. b3 Bc5 36. Kg2 Nd4 37. Qb2 Nxe2 38. Qxe2 c3 39. Qg4 Qf5 40. Qh4 e3 41. Rh1 Qe4+ 42. f3 Qc2+ 43. Kh3 Re7 44. Qg4 Rh7+ 45. Bh4 Qf5 46. Rh2 Rd7 0-1

[Event "EU-ch 13th"]
[Site "Plovdiv"]
[Date "2012.03.24"]
[Round "5"]
[White "Popov, Valerij"]
[Black "Nedilko, Vasily"]
[Result "1/2-1/2"]
[WhiteElo "2546"]
[BlackElo "2392"]
[PlyCount "74"]
[EventDate "2012.03.20"]
[EventType "swiss"]
[EventRounds "11"]
[EventCountry "BUL"]
[SourceTitle "CBM 148"]
[Source "ChessBase"]
[SourceDate "2012.05.16"]
[SourceVersion "1"]
[SourceVersionDate "2012.05.16"]
[SourceQuality "1"]

1. d4 Nf6 2. Bg5 Ne4 3. Bf4 c5 4. f3 Qa5+ 5. c3 Nf6 6. d5 e6 7. e4 exd5 8. exd5 d6 9. Qd2 Be7 10. c4 Qd8 11. Nc3 0-0 12. g4 Ne8 13. 0-0-0 a6 14. h4 b5 15. Kb1 Nd7 16. g5 Nb6 17. cxb5 Nc7 18. bxa6 Nxa6 19. Bxa6 Rxa6 20. Qc2 g6 21. Kc1 Bf5 22. Qe2 Ra7 23. Qb5 Bd7 24. Qf1 Na4 25. Nge2 Qb6 26. b3 Rb8 27. Kd2 Nxc3 28. Nxc3 Qb4 29. Qc4 Rxa2+ 30. Ke3 Rb2 31. Qxb4 Rxb4 32. Rb1 R2xb3 33. Rxb3 Rxb3 34. Kd2 Rb2+ 35. Ke3 Rb3 36. Kd2 Rb4 37. Ke3 Rb3 1/2-1/2

[Event "EU-ch 13th"]
[Site "Plovdiv"]
[Date "2012.03.23"]
[Round "4"]
[White "Nedilko, Vasily"]
[Black "Hristodorescu, Daniel"]
[Result "1-0"]
[WhiteElo "2392"]
[BlackElo "2212"]
[PlyCount "65"]
[EventDate "2012.03.20"]
[EventType "swiss"]
[EventRounds "11"]
[EventCountry "BUL"]
[SourceTitle "CBM 148"]
[Source "ChessBase"]
[SourceDate "2012.05.16"]
[SourceVersion "1"]
[SourceVersionDate "2012.05.16"]
[SourceQuality "1"]

1. d4 Nf6 2. c4 g6 3. g3 Bg7 4. Bg2 0-0 5. Nc3 d6 6. Nf3 c6 7. e4 Qa5 8. Bd2 Qa6 9. Qe2 Bg4 10. h3 Bxf3 11. Bxf3 Nfd7 12. Be3 c5 13. dxc5 Ne5 14. cxd6 Nxf3+ 15. Qxf3 Qxc4 16. dxe7 Re8 17. Rc1 Nc6 18. Nd5 Qd3 19. Rd1 Qa6 20. Qe2 Qa4 21. Bg5 Nd4 22. Qd3 Ne6 23. Bf6 Rac8 24. 0-0 Kh8 25. b3 Qxa2 26. Rc1 Qa3 27. Rxc8 Rxc8 28. Qc3 Re8 29. Ra1 Qd6 30. Rxa7 Qb8 31. Qa1 h5 32. Bxg7+ Nxg7 33. Nf6 1-0

[Event "EU-ch rapid"]
[Site "Warsaw"]
[Date "2011.12.18"]
[Round "12"]
[White "Belov, Vladimir"]
[Black "Nedilko, Vasily"]
[Result "1-0"]
[WhiteElo "2641"]
[BlackElo "2392"]
[PlyCount "53"]
[EventDate "2011.12.17"]
[EventType "swiss (rapid)"]
[EventRounds "13"]
[EventCountry "POL"]
[SourceTitle "CBM 145 Extra"]
[Source "ChessBase"]
[SourceDate "2012.01.03"]
[SourceVersion "1"]
[SourceVersionDate "2012.01.03"]
[SourceQuality "1"]

1. e4 c5 2. Nf3 d6 3. d4 cxd4 4. Nxd4 Nf6 5. Nc3 a6 6. Bg5 e6 7. f4 h6 8. Bh4 Be7 9. Qf3 Qc7 10. 0-0-0 Nbd7 11. Be2 0-0 12. g4 b5 13. g5 hxg5 14. Bxg5 b4 15. Nd5 exd5 16. exd5 Re8 17. Rhg1 Nf8 18. Bd3 N6h7 19. h4 Bxg5 20. hxg5 Qe7 21. Rg3 g6 22. Nc6 Qb7 23. Rh1 Bd7 24. f5 Bxc6 25. dxc6 Qe7 26. Bc4 Qe5 27. fxg6 1-0

[Event "EU-ch rapid"]
[Site "Warsaw"]
[Date "2011.12.17"]
[Round "4"]
[White "Sowul, Bartosz"]
[Black "Nedilko, Vasily"]
[Result "0-1"]
[WhiteElo "2196"]
[BlackElo "2392"]
[PlyCount "93"]
[EventDate "2011.12.17"]
[EventType "swiss (rapid)"]
[EventRounds "13"]
[EventCountry "POL"]
[SourceTitle "CBM 145 Extra"]
[Source "ChessBase"]
[SourceDate "2012.01.03"]
[SourceVersion "1"]
[SourceVersionDate "2012.01.03"]
[SourceQuality "1"]

1. d4 Nf6 2. c4 g6 3. Nc3 d5 4. Nf3 Bg7 5. Bg5 Ne4 6. cxd5 Nxg5 7. Nxg5 e6 8. Nf3 exd5 9. b4 Qd6 10. Qb3 Nc6 11. e3 a6 12. a3 Ne7 13. Be2 0-0 14. 0-0 Be6 15. Ne1 Bf5 16. a4 c6 17. Bd3 Rfe8 18. Bxf5 Nxf5 19. Nd3 h5 20. b5 axb5 21. axb5 h4 22. h3 Rxa1 23. Rxa1 Nxe3 24. Re1 Bxd4 25. Nd1 Ba7 26. Qb4 Qxb4 27. Nxb4 Re4 28. bxc6 Rxb4 29. c7 Rc4 30. Nxe3 Bxe3 31. Rxe3 Rxc7 32. Re8+ Kg7 33. Rd8 Rc5 34. Kf1 Kf6 35. Rb8 Rc7 36. Rd8 Ke6 37. Rh8 g5 38. Ke2 Rd7 39. Kd3 d4 40. f4 f6 41. fxg5 fxg5 42. Rb8 Ke5 43. Rf8 b5 44. Rf1 Rc7 45. Rb1 Rc3+ 46. Ke2 Ke4 47. Rxb5 0-1

[Event "UKR-ch sf"]
[Site "Alushta"]
[Date "2011.05.06"]
[Round "4"]
[White "Karnaukh, Anatolij"]
[Black "Nedilko, Vasily"]
[Result "1/2-1/2"]
[WhiteElo "2199"]
[BlackElo "2407"]
[PlyCount "55"]
[EventDate "2011.05.03"]
[EventType "swiss"]
[EventRounds "9"]
[EventCountry "UKR"]
[SourceTitle "CBM 142 Extra"]
[Source "ChessBase"]
[SourceDate "2011.06.27"]
[SourceVersion "1"]
[SourceVersionDate "2011.06.27"]
[SourceQuality "1"]

1. d4 Nf6 2. c4 g6 3. Nc3 d5 4. Nf3 Bg7 5. Bg5 Ne4 6. Bh4 Nxc3 7. bxc3 dxc4 8. e3 b5 9. a4 c6 10. Nd2 a6 11. Be2 0-0 12. 0-0 Be6 13. Bf3 Ra7 14. Qc2 f6 15. Rfb1 Rb7 16. Bg3 Bd5 17. e4 Bf7 18. axb5 axb5 19. Be2 Rb6 20. Ra7 e5 21. dxe5 fxe5 22. Nf3 Re8 23. Rd1 Qc8 24. Qd2 Ra6 25. Rxa6 Nxa6 26. Qd6 Bf8 27. Qf6 Bg7 28. Qd6 1/2-1/2